[Event "Caissa IM August"]
[Site "Kecskemet HUN"]
[Date "2005.08.09"]
[Round "4"]
[White "Sarosi,Z"]
[Black "Arngrimsson,D"]
[Result "0-1"]
[WhiteElo "2336"]
[BlackElo "2294"]

1.d4 d5 2.Nf3 Nf6 3.c4 c6 4.Nc3 dxc4 5.a4 Bf5 6.e3 e6 7.Bxc4 Bb4 8.O-O O-O
9.Qe2 Nbd7 10.e4 Bg4 11.Rd1 Qa5 12.e5 Nd5 13.Nxd5 cxd5 14.Bd3 f5 15.h3 Bh5
16.g4 Bg6 17.Nh4 Qd8 18.Ng2 Rf7 19.h4 h6 20.Nf4 Nf8 21.Nxg6 Nxg6 22.gxf5 Nxh4
23.f6 gxf6 24.Bxh6 f5 25.Kf1 Rh7 26.Qe3 Ng6 27.Bg5 Be7 28.Bxe7 Qxe7 29.Ke2 Rh4
30.Rh1 Qb4 31.Rag1 Rxh1 32.Rxh1 Qxb2+ 33.Kf1 Rc8 34.Kg2 Rc7 35.Rh5 Rg7 36.Kf1 Qa1+
37.Ke2 Qa2+ 38.Kf1 Qxa4 39.Ke2 Qa2+ 40.Kf1 Qa1+ 41.Ke2 Qg1 42.Kd2 Qg4 43.Rh1 Ne7
44.Rh6 Rg6 45.Kc3 Nc6 46.Rxg6+ Qxg6 47.Bb5 Kf7 48.Bxc6 bxc6 49.Kb4 Qg8 50.Kc5 Qb8
51.Kxc6 Ke8  0-1

[Event "92nd ch-GBR"]
[Site "Douglas IOM"]
[Date "2005.08.10"]
[Round "9"]
[White "Poobalasingam,P"]
[Black "McDonnell,J"]
[Result "1/2-1/2"]
[WhiteElo "2067"]
[BlackElo "2054"]

1.d4 d5 2.c4 c6 3.Nc3 Nf6 4.Nf3 dxc4 5.a4 Bf5 6.e3 e6 7.Bxc4 Bb4 8.O-O O-O
9.Qe2 Bg6 10.Ne5 Nbd7 11.Nxg6 hxg6 12.Rd1 Qa5 13.Bd2 Nb6 14.Bd3 c5 15.dxc5 Qxc5
16.e4 Nbd7 17.Rac1 Qa5 18.f4 Nc5 19.Bc2 Rfd8 20.e5 Nd5 21.Nxd5 Rxd5 22.Bxb4 Rxd1+
23.Bxd1 Qxb4 24.Rc4 Qb6 25.Qf2 Rd8 26.Bf3 Nd3 27.Qxb6 axb6 28.b3 Nc5 29.Rb4 Rd3
30.Rxb6 Nxb3 31.Rxb7 Nd4 32.Be4 Ra3 33.Rb8+ Kh7 34.Ra8 Ne2+ 35.Kf2 Nxf4 36.Ra7  1/2-1/2

[Event "HZ Open"]
[Site "Vlissingen NED"]
[Date "2005.08.10"]
[Round "5"]
[White "Piceu,T"]
[Black "Rosmuller,A"]
[Result "1-0"]
[WhiteElo "2345"]
[BlackElo "2170"]

1.d4 d5 2.c4 c6 3.Nf3 Nf6 4.Nc3 dxc4 5.a4 Bf5 6.e3 e6 7.Bxc4 Bb4 8.O-O O-O
9.Nh4 Qe7 10.f3 Rd8 11.Qb3 c5 12.d5 Ne8 13.Nxf5 exf5 14.e4 Qe5 15.Ne2 Nd7
16.Bf4 Qf6 17.Qe3 Nd6 18.b3 Re8 19.Bb5 Nxb5 20.axb5 h6 21.Rad1 g5 22.Bc7 Rac8
23.d6 Qg6 24.Qc1 fxe4 25.fxe4 Rxe4 26.Ng3 Re5 27.Qc4 Rce8 28.Qg4 R8e6 29.Nf5 h5
30.Qf3 Rxf5 31.Qxf5 Qxf5 32.Rxf5 f6 33.h4  1-0

[Event "92nd ch-GBR"]
[Site "Douglas IOM"]
[Date "2005.08.12"]
[Round "11"]
[White "Pert,R"]
[Black "Woodward,T"]
[Result "1-0"]
[WhiteElo "2424"]
[BlackElo "2313"]

1.d4 d5 2.c4 c6 3.Nc3 Nf6 4.Nf3 dxc4 5.a4 Bf5 6.Ne5 Nbd7 7.Nxc4 Qc7 8.g3 e5
9.dxe5 Nxe5 10.Bf4 Nfd7 11.Bg2 g5 12.Nxe5 gxf4 13.Nxd7 O-O-O 14.Qd4 Qxd7
15.Qxf4 Bd6 16.Qd4 Bc7 17.Qxd7+ Rxd7 18.Be4 Be6 19.Rd1 Rxd1+ 20.Kxd1 h5 21.h4 f5
22.Bd3 f4 23.gxf4 Bxf4 24.Rg1 Bb3+ 25.Ke1 Bc1 26.a5 Bxb2 27.Kd2 Be6 28.Rg7 Bd7
29.f4 Rf8 30.e3 b5 31.axb6 axb6 32.Rg5 b5 33.Rxh5 b4 34.Na4 Rh8 35.Rxh8+ Bxh8
36.Nb6+ Kc7 37.Nxd7 Kxd7 38.Bc4 Ke7 39.Kd3 Kf6 40.Ke4 Kg6 41.Kf3 Bf6 42.Kg4 Bd8
43.e4 Be7 44.e5 Bc5 45.f5+ Kh6 46.f6  1-0

[Event "HZ Open"]
[Site "Vlissingen NED"]
[Date "2005.08.13"]
[Round "8"]
[White "Romanishin,O"]
[Black "Rodshtein,M"]
[Result "1-0"]
[WhiteElo "2570"]
[BlackElo "2459"]

1.d4 d5 2.c4 c6 3.Nf3 Nf6 4.Nc3 dxc4 5.a4 Bf5 6.Nh4 Bd7 7.e4 e6 8.g3 b5 9.axb5 cxb5
10.Bg2 b4 11.e5 bxc3 12.exf6 Bc6 13.bxc3 gxf6 14.O-O Be7 15.Re1 Bd5 16.Bh6 Nc6
17.Ra6 Qd7 18.Qh5 f5 19.Bxd5 Qxd5 20.Ng2  1-0

[Event "HZ Open"]
[Site "Vlissingen NED"]
[Date "2005.08.13"]
[Round "8"]
[White "Rosmuller,A"]
[Black "Van de Wynkele,E"]
[Result "1/2-1/2"]
[WhiteElo "2170"]
[BlackElo "1985"]

1.d4 d5 2.c4 c6 3.Nf3 Nf6 4.Nc3 dxc4 5.a4 Bf5 6.Ne5 e6 7.g3 Bb4 8.Bg2 Ne4
9.Bxe4 Bxe4 10.f3 Bg6 11.Nxc4 c5 12.O-O cxd4 13.Na2 Nc6 14.Nxb4 Nxb4 15.Bf4 d3
16.Qb3 dxe2 17.Qxb4 exf1=Q+ 18.Rxf1 a5 19.Qc3 Ra6  1/2-1/2

[Event "14th Open"]
[Site "Kavala GRE"]
[Date "2005.08.14"]
[Round "4"]
[White "Halkias,S"]
[Black "Drenchev,P"]
[Result "1-0"]
[WhiteElo "2548"]
[BlackElo "2412"]

1.d4 d5 2.c4 c6 3.Nc3 Nf6 4.Nf3 dxc4 5.a4 Bf5 6.Ne5 Nbd7 7.Nxc4 Qc7 8.g3 e5
9.dxe5 Nxe5 10.Bf4 Nfd7 11.Bg2 f6 12.O-O Nc5 13.Ne3 Bg6 14.b4 Ne6 15.b5 Rd8
16.Qb3 Bf7 17.Bxe5 fxe5 18.bxc6 bxc6 19.Rab1 Nc5 20.Qb2 Bg6 21.Rbd1 Be7 22.Rxd8+ Bxd8
23.Nb5 cxb5 24.Qxb5+ Nd7 25.Rd1 a6 26.Qc6 Bf7 27.Nf5 Qxc6 28.Bxc6 O-O 29.Rxd7 Bb6
30.e3 Bc5 31.Bd5 Bb4 32.e4 Bxd5 33.Rxd5 Re8 34.Rd7 Bf8 35.Kg2 Rc8 36.Rxg7+  1-0

[Event "ch-AUT"]
[Site "Gmunden AUT"]
[Date "2005.08.16"]
[Round "6"]
[White "Weiss,C"]
[Black "Kindermann,S"]
[Result "1/2-1/2"]
[WhiteElo "2429"]
[BlackElo "2546"]

1.d4 d5 2.c4 c6 3.Nf3 Nf6 4.Nc3 dxc4 5.a4 Bf5 6.e3 e6 7.Bxc4 Bb4 8.O-O Nbd7
9.Qe2 Bg6 10.e4 O-O 11.e5 Nd5 12.Nxd5 cxd5 13.Bd3 Bxd3 14.Qxd3 Be7 15.h4 Rc8
16.Bg5 h6 17.Bd2 Qb6 18.Qb5 Nb8 19.Qxb6 axb6 20.Rfc1 Rc6 21.Rxc6 Nxc6 22.Rc1 Ra8
23.b3 Kf8 24.Kf1 Ke8 25.Ke2 Kd7 26.g3 Na5 27.Rb1 Rc8 28.Kd3 Nc6 29.b4 b5
30.axb5 Na7 31.Ra1 Nxb5 32.g4 Bd8 33.h5 Bb6 34.g5 hxg5 35.Rg1 Ke8 36.Rxg5 Kf8
37.Rg4 Ra8 38.h6 Ra3+ 39.Ke2 gxh6 40.Bxh6+ Ke7 41.Bg5+ Kf8 42.Bh6+ Ke7 43.Bg5+ Kf8
44.Rh4 Kg7  1/2-1/2

[Event "ch-AUT Qualifier"]
[Site "Gmunden AUT"]
[Date "2005.08.18"]
[Round "6"]
[White "Aschenbrenner,R"]
[Black "Nickl,K"]
[Result "1-0"]
[WhiteElo "2265"]
[BlackElo "2175"]

1.d4 d5 2.Nf3 Nf6 3.c4 c6 4.Nc3 dxc4 5.a4 Bf5 6.Nh4 Bc8 7.e3 e5 8.Bxc4 exd4
9.exd4 Be7 10.O-O O-O 11.h3 Nd5 12.Nf3 Be6 13.Qb3 Nxc3 14.bxc3 Bxc4 15.Qxc4 Qc7
16.Rb1 Nd7 17.Qb3 Rab8 18.c4 c5 19.d5 Bd6 20.Bb2 Rfe8 21.Rfe1 b6 22.Bc3 Ne5
23.Nxe5 Bxe5 24.Qb5 f6 25.Bxe5 fxe5 26.Re4 Re7 27.a5 Rb7 28.a6 Rb8 29.Rbe1 Rf8
30.Qb2 Rfe8 31.R1e2 Qd6 32.Qb1 h6 33.R4e3 Rb8 34.f4 Rbe8 35.Qe1 b5 36.Rxe5 Rxe5
37.Rxe5 Rxe5 38.fxe5 Qxa6 39.e6 Qc8 40.d6  1-0

[Event "15th ch-SLO"]
[Site "Ptuj SLO"]
[Date "2005.08.19"]
[Round "9"]
[White "Jelen,Ig"]
[Black "Jeric,S"]
[Result "1/2-1/2"]
[WhiteElo "2334"]
[BlackElo "2326"]

1.d4 d5 2.c4 c6 3.Nf3 Nf6 4.Nc3 dxc4 5.a4 Bf5 6.e3 e6 7.Bxc4 Bb4 8.O-O Nbd7
9.Qe2 O-O 10.Rd1 Bg6 11.Bd2  1/2-1/2

[Event "ch-SCG jr"]
[Site "Vrnjacka Banja SCG"]
[Date "2005.08.19"]
[Round "9"]
[White "Ristic,Neb2"]
[Black "Nadj Hedjesi,B"]
[Result "0-1"]
[WhiteElo "2183"]
[BlackElo "2357"]

1.d4 d5 2.c4 c6 3.Nf3 Nf6 4.Nc3 dxc4 5.a4 Bf5 6.Ne5 Nbd7 7.Nxc4 Nb6 8.Ne3 Be6
9.g3 a5 10.Bg2 g6 11.O-O Bg7 12.Nc2 Nfd5 13.Ne4 O-O 14.Nc5 Bc8 15.e4 Nb4
16.Nxb4 axb4 17.Be3 Nc4 18.Qb3 Nxe3 19.fxe3 b6 20.Nd3 c5 21.Rfd1 Bg4 22.Rd2 Rc8
23.Nf2 Be6 24.Qd1 c4 25.Rc1 Rc7 26.d5 c3 27.bxc3 bxc3 28.Rd3 Bc8 29.d6 exd6
30.Rxd6 Qg5 31.Qe2 Bh6 32.Nd1 Bg4 33.Qc2 Qh5 34.Rd5 Bxd1 35.Rcxd1 Bxe3+ 36.Kh1 Qg4
37.R1d3 Bd2 38.Bf3 Qh3 39.Kg1 Qc8 40.Rd6 Rc4 41.Kg2 Rb4 42.Rxd2 cxd2 43.Qxd2 Qc5
44.Rd5 Qc4 45.Rd8 Rxa4 46.Rxf8+ Kxf8 47.Qd6+ Kg8 48.Qb8+ Kg7 49.Qe5+ f6 50.Qe7+ Qf7
51.Qd6 Ra5 52.Bg4 Re5 53.Qxb6 Rxe4 54.Bf3 Qa2+ 55.Kf1 Re7 56.Qd6 Qe6 57.Qb4 Rc7
58.Qa3 Qc4+ 59.Kg2 Qc2+ 60.Kh3 Qf5+ 61.g4 Qc5 62.Qd3 Re7 63.Qd8 Qc7 64.Qd2 Qe5
65.Kg2 Qe6 66.h4 Ra7 67.Qc1 Qa2+ 68.Kh3 Qb3 69.Kg3 Qb8+ 70.Kg2 Ra2+ 71.Kf1 Qa7
72.Be2 Ra1  0-1

[Event "8th Open"]
[Site "Banyoles ESP"]
[Date "2005.08.20"]
[Round "4"]
[White "Campos Moreno,J"]
[Black "Pitl,G"]
[Result "1/2-1/2"]
[WhiteElo "2443"]
[BlackElo "2332"]

1.d4 d5 2.c4 c6 3.Nf3 Nf6 4.Nc3 dxc4 5.a4 Bf5 6.e3 e6 7.Bxc4 Bb4 8.O-O Nbd7
9.Qe2 Bg6 10.e4 O-O 11.Bd3 c5 12.e5 cxd4 13.exf6 dxc3 14.fxg7 Kxg7 15.Rd1 Qc7
16.Bxg6 hxg6 17.bxc3 Be7 18.Be3 Bf6 19.a5 Ne5 20.Bd4  1/2-1/2

[Event "Ada Open"]
[Site "Belgrade SCG"]
[Date "2005.08.20"]
[Round "6"]
[White "Stankovic,Br"]
[Black "Jakovljevic,Zi"]
[Result "1-0"]
[WhiteElo "2292"]
[BlackElo "2211"]

1.d4 d5 2.c4 c6 3.Nf3 Nf6 4.Nc3 dxc4 5.a4 Bf5 6.Ne5 Nbd7 7.Nxc4 e6 8.f3 Nb6
9.e4 Bg6 10.Ne3 a5 11.Be2 Bb4 12.O-O O-O 13.Nc2 Be7 14.Be3 Qc7 15.Qc1 Nfd7
16.Ne1 f6 17.Nd3 Bf7 18.Qc2 Nc4 19.Bf2 Bd6 20.g3 e5 21.Kg2 exd4 22.Bxd4 b5
23.axb5 cxb5 24.Rfc1 Rfc8 25.b3 Nce5 26.Qb2 b4 27.Nb5 Nxd3 28.Bxd3 Qd8 29.Nxd6 Rxc1
30.Nxf7 Rg1+ 31.Bxg1 Kxf7 32.Bc4+ Kg6 33.Rd1 Qe7 34.Qd4 Ne5 35.Bd5 Rc8 36.f4 Nc6
37.Qd3 Kh6 38.Be3 g6 39.Rc1 Qd7 40.Qb5 Qg4 41.Rxc6 Qe2+ 42.Qxe2  1-0

[Event "8th Open"]
[Site "Banyoles ESP"]
[Date "2005.08.22"]
[Round "6"]
[White "Bromberger,S"]
[Black "Pitl,G"]
[Result "1-0"]
[WhiteElo "2491"]
[BlackElo "2332"]

1.d4 d5 2.c4 c6 3.Nc3 Nf6 4.Nf3 dxc4 5.a4 Bf5 6.Ne5 Nbd7 7.Nxc4 Nb6 8.Ne5 a5
9.g3 e6 10.Bg2 Bb4 11.O-O O-O 12.e3 h6 13.Qe2 Nfd7 14.Nxd7 Nxd7 15.e4 Bh7
16.Rd1 Qe7 17.Be3 Rfd8 18.Rac1 Rac8 19.Qc4 Nf6 20.f3 c5 21.Na2 Qd7 22.Nxb4 cxb4
23.Qb5 Qxb5 24.axb5 Kf8 25.Bf1 Nd7 26.Bf4 Rxc1 27.Rxc1 Ke7 28.Rc7 g5 29.Be3 b6
30.d5 exd5 31.Bxb6 dxe4 32.fxe4 Bxe4 33.Bxa5 Kd6 34.Rc4 Re8 35.Bxb4+ Kd5
36.Bc3 f5 37.Rd4+ Ke6 38.Bc4+ Ke7 39.Bb4+ Kd8 40.b6 Re5 41.Bd6 Ra5 42.Be6 Ra1+
43.Kf2 Ke8 44.Rxe4  1-0

[Event "2nd Dato' Arthur Tan Malaysian Open"]
[Site "Kuala Lumpur MAS"]
[Date "2005.08.22"]
[Round "5"]
[White "Vijayalakshmi,S"]
[Black "Wu Shaobin"]
[Result "0-1"]
[WhiteElo "2414"]
[BlackElo "2510"]

1.d4 d5 2.Nf3 Nf6 3.c4 c6 4.Nc3 dxc4 5.a4 Bf5 6.e3 e6 7.Bxc4 Bb4 8.O-O Nbd7
9.Qe2 Bg6 10.e4 O-O 11.e5 Nd5 12.Nxd5 cxd5 13.Bd3 Qb6 14.Be3 Rac8 15.Ng5 Be7
16.Bxg6 hxg6 17.Qg4 Rc2 18.a5 Qa6 19.b3 Rfc8 20.Qh4 Nf8 21.Qf4 f6 22.Nf3 Qb5
23.exf6 gxf6 24.Qg3 R2c3 25.Bh6 Qd3 26.Rae1 Qf5 27.Re3 Rc1 28.Ree1 Rxe1 29.Rxe1 Kf7
30.Nh4 Qh5 31.Bxf8 Bxf8 32.Qe3 Rc6 33.Nf3 Qf5 34.h3 g5 35.Rc1 Rc2 36.Ne1 Rxc1
37.Qxc1 Qe4 38.Qc7+ Be7 39.Qc3 Qe2 40.g4 Bd6 41.Nf3 Ke7 42.Kg2 Kd7 43.Qc1 Qd3
44.Qb2 a6 45.Qa2 Ke7 46.Qb2 Bb4 47.Qc1 Kd7 48.Qb2 Bxa5 49.Qa3 Bd8 50.Qa4+ Kc7
51.Qb4 Qc2 52.Qf8 Qc6 53.h4 gxh4 54.Nxh4 Qd6 55.Qf7+ Qd7 56.Qg6 Kb6 57.Nf3 a5
58.Ne1 Ka6 59.Nd3 b6 60.Nf4 Qd6 61.Nh5 Qe7 62.Qg8 b5 63.Nf4 Bc7 64.Nxe6 Bd6
65.Qa8+ Kb6 66.Qxd5 Qb7 67.Qxb7+ Kxb7 68.f4 Kc6  0-1

[Event "13th Open"]
[Site "Nikaia GRE"]
[Date "2005.08.24"]
[Round "3"]
[White "Obodchuk,A"]
[Black "Kokolias,K"]
[Result "1-0"]
[WhiteElo "2438"]
[BlackElo "2106"]

1.d4 d5 2.c4 c6 3.Nf3 Nf6 4.Nc3 dxc4 5.a4 Bf5 6.e3 e6 7.Bxc4 Bb4 8.O-O O-O
9.Nh4 Nbd7 10.Nxf5 exf5 11.Qc2 g6 12.f3 a5 13.Ba2 Nb6 14.Bd2 f4 15.Rad1 fxe3
16.Bxe3 Nfd5 17.Bh6 Re8 18.Ne4 Bf8 19.Qc1 Bg7 20.Bb3 Qe7 21.Rd3 Nb4 22.Bxg7 Kxg7
23.Rdd1 N4d5 24.Qc5 f5 25.Nc3 Qe3+ 26.Kh1 Nd7 27.Qd6 N7f6 28.Nxd5 cxd5 29.Qb6 Re7
30.Ba2 Qe2 31.Bb1 Ra6 32.Qb5 Qxb5 33.axb5 Rae6 34.Bd3 f4 35.Kg1 Ne8 36.Rc1 b6
37.Rc8 Re3 38.Rd1 Rc7 39.Rd8 Nf6 40.Rd6 Rb7 41.Kf2 Kf7 42.Rd2 Ke7 43.Rc6 Ne8
44.g3 g5 45.Bxh7 Rb3 46.Bf5 Nd6 47.Re2+ Re3 48.Bd3 Ne4+ 49.Bxe4 Rxe2+ 50.Kxe2 dxe4
51.fxe4 Rd7 52.d5  1-0

[Event "2nd Dato' Arthur Tan Malaysian Open"]
[Site "Kuala Lumpur MAS"]
[Date "2005.08.25"]
[Round "10"]
[White "Rogers,I"]
[Black "Torre,E"]
[Result "1-0"]
[WhiteElo "2569"]
[BlackElo "2535"]

1.d4 d5 2.c4 c6 3.Nf3 Nf6 4.Nc3 dxc4 5.a4 Bf5 6.Ne5 Nbd7 7.Nxc4 Nb6 8.Ne5 a5
9.f3 Nfd7 10.Nxd7 Nxd7 11.e4 Bg6 12.Be3 e6 13.Bc4 Bd6 14.Qd2 Qc7 15.Qf2 O-O
16.g3 Kh8 17.O-O Rae8 18.Rac1 Qb8 19.Rfd1 f6 20.Bf1 Bf7 21.Bh3 Rd8 22.Kh1 Rfe8
23.Bg2 Bc7 24.f4 Bh5 25.Rd2 Bb6 26.g4 Bf7 27.e5 Qa7 28.Ne4 fxe5 29.fxe5 Bg6
30.Qg3 Rf8 31.Ng5 Rde8 32.h4 Qb8 33.h5 Bf7 34.Be4 Bg8 35.Nh3 Nf6 36.Bg6 Rc8
37.Bg5 Nd5 38.Be4 Bd8 39.Bxd8 Rfxd8 40.Bxd5 cxd5 41.Rf1 Qc7 42.Nf4 Bf7 43.Rdf2 Qc4
44.Ng6+ hxg6 45.Rxf7 Qxd4 46.R7f4  1-0

[Event "Caissa IM August II"]
[Site "Kecskemet HUN"]
[Date "2005.08.26"]
[Round "11"]
[White "Kragelj,I"]
[Black "Vasvari,T"]
[Result "1/2-1/2"]
[WhiteElo "2230"]
[BlackElo "2203"]

1.d4 d5 2.c4 c6 3.Nf3 Nf6 4.Nc3 dxc4 5.a4 Bf5 6.Ne5 Nbd7 7.Nxc4 Nb6 8.Ne5 a5
9.g3 e6 10.Bg2 Bb4 11.O-O O-O 12.e3 h6 13.Qe2 Bh7 14.Rd1 Nfd5 15.Ne4 Qc7
16.Nd3 Be7 17.Bd2 Nd7 18.f4 Qb6 19.Rdc1 Qa6 20.Kf2 Kh8 21.Ndc5 Qxe2+ 22.Kxe2 Bxe4
23.Nxe4 f5 24.Nf2  1/2-1/2

[Event "FSIMA September"]
[Site "Budapest HUN"]
[Date "2005.09.05"]
[Round "3"]
[White "Woodward,T"]
[Black "Hoang Thi Bao Tram"]
[Result "0-1"]
[WhiteElo "2313"]
[BlackElo "2267"]

1.d4 d5 2.c4 c6 3.Nf3 Nf6 4.Nc3 dxc4 5.a4 Bf5 6.Ne5 Nbd7 7.Nxc4 Qc7 8.g3 e5
9.dxe5 Nxe5 10.Bf4 Nfd7 11.Bg2 g5 12.Bxe5 Nxe5 13.Qd4 f6 14.O-O-O Nxc4 15.Qxc4 Bd6
16.Be4 Bd7 17.Bxh7 O-O-O 18.Bc2 Be5 19.Rd2 Rde8 20.Qc5 Kb8 21.h4 gxh4 22.gxh4 Be6
23.a5 Reg8 24.e3 Rh5 25.f4 Bxc3 26.Qxh5 Bxd2+ 27.Kxd2 Bd5 28.Ra1 Rg2+ 29.Kc3 Qe7  0-1

[Event "FSGM September"]
[Site "Budapest HUN"]
[Date "2005.09.08"]
[Round "6"]
[White "Reiss,T"]
[Black "Collins,S IRL"]
[Result "1/2-1/2"]
[WhiteElo "2397"]
[BlackElo "2413"]

1.d4 d5 2.c4 c6 3.Nf3 Nf6 4.Nc3 dxc4 5.a4 Bf5 6.Ne5 Nbd7 7.Nxc4 Qc7 8.g3 e5
9.dxe5 Nxe5 10.Bf4 Nfd7 11.Nxe5 Nxe5 12.Qd4 f6 13.Bg2 Qd6 14.Bxe5 Qxe5 15.Qxe5+ fxe5
16.O-O-O Bb4 17.Be4 Be6 18.Kc2 Ke7 19.e3 h6 20.Rd2 Raf8 21.f4 exf4 22.exf4 Rd8
23.Rhd1 Rxd2+ 24.Rxd2 Kf6 25.Bd3 Rd8 26.Re2 a5 27.Re5 Rd4 28.Ne4+ Kf7 29.f5 Bd5
30.g4 b6 31.h4 Bb3+ 32.Kxb3 Rxd3+ 33.Kc4 Rh3 34.Re6 Rxh4 35.Rxc6 Rxg4 36.Kd5 Ke7
37.Rxb6 h5 38.Rb7+ Kd8 39.f6 gxf6 40.Nxf6 Rg5+ 41.Ke6 Kc8 42.Rh7 Rg2 43.Rxh5 Rxb2
44.Kd5 Rc2  1/2-1/2

[Event "TCh-POL Ekstraliga"]
[Site "Lubniewice POL"]
[Date "2005.09.08"]
[Round "6"]
[White "Marszalek,Mac"]
[Black "Szoen,D"]
[Result "0-1"]
[WhiteElo "2386"]
[BlackElo "2459"]

1.d4 d5 2.c4 c6 3.Nf3 Nf6 4.Nc3 dxc4 5.a4 Bf5 6.e3 e6 7.Bxc4 Bb4 8.O-O Nbd7
9.Qe2 Bg6 10.e4 O-O 11.Bd3 h6 12.Bf4 Re8 13.Rfd1 a5 14.h3 Qe7 15.Rac1 Rac8
16.Na2 c5 17.Nxb4 axb4 18.dxc5 Nxc5 19.Bb5 Red8 20.Rxd8+ Rxd8 21.Qe1 Bxe4
22.Ne5 b6 23.f3 Ba8 24.Qxb4 Nd5 25.Qc4 f6 26.Ng4 e5 27.Bh2 Ne6 28.Kh1 h5
29.Nf2 Kh8 30.Ne4 Nd4 31.Bg1 f5 32.Nc3 Nf4 33.Bxd4 Qg5 34.Qf1 exd4 35.Na2 d3
36.Rd1 Qg3 37.Rd2 Nxg2 38.Qf2 Qxh3+ 39.Kg1 Nh4 40.Qxb6 Nxf3+ 41.Kf2 Qh2+  0-1

[Event "TCh-FIN 2005-6"]
[Site "Turku FIN"]
[Date "2005.09.10"]
[Round "1"]
[White "Kekki,P"]
[Black "Topi Hulmi,T"]
[Result "0-1"]
[WhiteElo "2369"]
[BlackElo "2245"]

1.d4 d5 2.c4 c6 3.Nf3 Nf6 4.Nc3 dxc4 5.a4 Bf5 6.Ne5 e6 7.f3 Bb4 8.e4 Bxe4
9.fxe4 Nxe4 10.Bd2 Qxd4 11.Nxe4 Qxe4+ 12.Qe2 Bxd2+ 13.Kxd2 Qd5+ 14.Kc2 Na6
15.Nxc4 O-O 16.Qe5 Rab8 17.Be2 Nb4+ 18.Kb3 b5 19.Qxd5 cxd5 20.Kxb4 bxc4+
21.Kc3 Rb3+ 22.Kc2 Rfb8 23.Ra2 f5 24.Rd1 a5 25.Bf3 g6 26.Rd2 Kg7 27.Kc1 Kf6
28.Bd1 R3b4 29.Ra3 Rd8 30.Rh3 h5 31.b3 e5 32.Rc3 cxb3 33.Rxb3 Rc8+ 34.Kb2 Rxb3+
35.Bxb3 d4 36.Rd3 Rb8 37.h4 Rb4 38.Rd1 e4 39.Rc1 e3 40.Rc6+ Ke5 41.Rxg6 d3
42.Re6+ Kf4 43.Kc3 e2 44.Kxd3 Rxb3+ 45.Kxe2 Ra3 46.Rg6 Rxa4 47.g3+ Ke5 48.Rh6 Ra1
49.Kf3 a4 50.Ra6 a3 51.Ra5+ Kd4 52.Ra4+ Kc3 53.Kf4 Kb3 54.Ra5 Rf1+ 55.Kg5 a2
56.Kxh5 a1=Q 57.Rxa1 Rxa1 58.Kg5 Rf1 59.h5 Kc4 60.h6 Kd5 61.h7 Rh1 62.Kxf5 Rxh7
63.g4 Rh1 64.g5 Rf1+ 65.Kg6 Ke6 66.Kg7 Rg1 67.g6 Kf5  0-1

[Event "Autumn 1"]
[Site "Alushta UKR"]
[Date "2005.09.12"]
[Round "15"]
[White "Shtyrenkov,V"]
[Black "Chuprikov,D"]
[Result "1/2-1/2"]
[WhiteElo "2459"]
[BlackElo "2416"]

1.d4 d5 2.c4 c6 3.Nf3 Nf6 4.Nc3 dxc4 5.a4 Bf5 6.Ne5 e6 7.f3 Bb4 8.e4 Bxe4
9.fxe4 Nxe4 10.Bd2 Qxd4  1/2-1/2

[Event "EYg16"]
[Site "Herceg Novi SCG"]
[Date "2005.09.15"]
[Round "2"]
[White "Ivakhinova,I"]
[Black "Craciun,P"]
[Result "1/2-1/2"]
[WhiteElo "2215"]
[BlackElo "2048"]

1.d4 d5 2.Nf3 Nf6 3.c4 c6 4.Nc3 dxc4 5.a4 Bf5 6.e3 e6 7.Bxc4 Bb4 8.O-O Nbd7
9.Nh4 O-O 10.f3 Bg6 11.e4 e5 12.Nxg6 hxg6 13.dxe5 Nxe5 14.Be2 Qb6+ 15.Kh1 Rad8
16.Qc2 Rd7 17.Na2 Bc5 18.f4 Neg4 19.e5 Nf2+ 20.Rxf2 Bxf2 21.exf6 gxf6 22.f5 g5
23.Bd2 Rfd8 24.Bc3 Bd4 25.Bh5 Bxc3 26.Qxc3 Qd4 27.h3 Qh4 28.Bf3 Kg7 29.Qb3 Re7
30.Nc3 Re1+ 31.Rxe1 Qxe1+ 32.Kh2 Qe5+ 33.Kh1 Qe1+ 34.Kh2  1/2-1/2

[Event "EYb18"]
[Site "Herceg Novi SCG"]
[Date "2005.09.16"]
[Round "3"]
[White "Rodshtein,M"]
[Black "Lovkov,R"]
[Result "1-0"]
[WhiteElo "2459"]
[BlackElo "2383"]

1.d4 d5 2.c4 c6 3.Nc3 Nf6 4.Nf3 dxc4 5.a4 Bf5 6.Ne5 Nbd7 7.Nxc4 Nb6 8.Ne5 a5
9.g3 e6 10.Bg2 Bb4 11.O-O O-O 12.e3 h6 13.Qe2 Re8 14.e4 Bh7 15.Rd1 Qe7 16.Bf4 Rad8
17.h4 Nfd7 18.Nd3 f6 19.Nxb4 axb4 20.Nb1 e5 21.dxe5 fxe5 22.Be3 Kh8 23.a5 Nc8
24.a6 b5 25.Rc1 Qe6 26.Nd2 Ncb6 27.b3 Na8 28.a7 Bg8 29.Ra6 Rc8 30.Kh2 Rc7
31.Qd3 Nf6 32.Bh3 Ng4+ 33.Bxg4 Qxg4 34.Raxc6 Rxc6 35.Rxc6 Be6 36.Rd6 Kh7
37.Rd8 Bf7 38.Rxe8 Bxe8 39.Qd8 Bc6 40.Qd6 Bxe4 41.Qxb4 Bf5 42.Qxb5 Qg6 43.Qxe5 Be6
44.b4  1-0

[Event "EYb16"]
[Site "Herceg Novi SCG"]
[Date "2005.09.17"]
[Round "4"]
[White "Trofimov,SP"]
[Black "Andriasian,Z"]
[Result "1-0"]
[WhiteElo "2411"]
[BlackElo "2412"]

1.d4 d5 2.c4 c6 3.Nf3 Nf6 4.Nc3 dxc4 5.a4 Bf5 6.Ne5 Nbd7 7.Nxc4 Qc7 8.g3 e5
9.dxe5 Nxe5 10.Bf4 Nfd7 11.Bg2 g5 12.Ne3 gxf4 13.Nxf5 O-O-O 14.Qc2 Nc5 15.O-O Ne6
16.Qe4 fxg3 17.hxg3 Nc5 18.Qh4 Nb3 19.Rad1 Bc5 20.Ne4 Kb8 21.e3 Bb4 22.Qf6 Rhe8
23.Nd4 Nxd4 24.Rxd4 Rxd4 25.exd4 Nc4 26.b3 Nd6 27.Nc5 a5 28.Rc1 Qe7 29.Qf4 Ka7
30.Nd3 Nc8 31.Nxb4 Qxb4 32.Qxf7 Re7 33.Qf5 Nb6 34.Rc5 Re1+ 35.Kh2 Ka6 36.Bf1+ Ka7
37.Rxa5+ Kb8 38.Qf4+ Kc8 39.Bh3+  1-0

[Event "Caissa IM September"]
[Site "Kecskemet HUN"]
[Date "2005.09.20"]
[Round "5"]
[White "Keresztes,R"]
[Black "Vasvari,T"]
[Result "0-1"]
[WhiteElo "2232"]
[BlackElo "2203"]

1.d4 d5 2.c4 c6 3.Nc3 Nf6 4.Nf3 dxc4 5.a4 Bf5 6.e3 e6 7.Bxc4 Bb4 8.O-O O-O
9.h3 Nbd7 10.Nh4 Bg6 11.Nxg6 hxg6 12.Qb3 Qb6 13.Rd1 e5 14.Bd2 exd4 15.exd4 Qa5
16.Bf4 Nb6 17.Na2 Be7 18.Nc3 Nxc4 19.Qxc4 Rfd8 20.Re1 Rd7 21.Rab1 Bb4 22.Red1 Bxc3
23.bxc3 Nd5 24.Bd2 Nb6 25.Qd3 Qxa4 26.Ra1 Qc4 27.Qg3 a5 28.h4 Qd5 29.Re1 Nc4
30.Bg5 b5 31.Re2 f6 32.Bf4 Kf7 33.Qh3 Rh8 34.Qg4 Qf5 35.Qg3 Qh5 36.Qh3 f5
37.Rae1 Qxh4 38.Qxh4 Rxh4 39.g3 Rh8 40.Bg5 Rc8 41.Re7+ Rxe7 42.Rxe7+ Kg8
43.Rb7 Nd6 44.Ra7 Ne4 45.Bf4 a4 46.Be5 Nf6 47.Kg2 Rd8 48.Kh3 Rd7 49.Ra6 Ne4
50.Rxc6 Nxf2+ 51.Kh4 Kf7 52.Rb6 Ra7 53.Rxb5 a3 54.Rb1 a2 55.Ra1 Ra8 56.g4 Nxg4
57.Bf4 Ra3 58.Bd6 Ra6 59.Bf4 Ra4 60.Bc1 Nf2 61.Be3 Ne4 62.c4 Ra8 63.Kh3 Ra3
64.Kg2 Rxe3 65.Rxa2 f4 66.c5 f3+  0-1

[Event "4th Kesarovski - Georgiev Memorial"]
[Site "Sunny Beach BUL"]
[Date "2005.09.20"]
[Round "5"]
[White "Dobrev,N"]
[Black "Dimitrov,Pa"]
[Result "1-0"]
[WhiteElo "2426"]
[BlackElo "2161"]

1.d4 d5 2.Nf3 Nf6 3.c4 c6 4.Nc3 dxc4 5.a4 Bf5 6.Ne5 e6 7.f3 Nbd7 8.e4 Bg6
9.Nxc4 Qc7 10.Be3 Bb4 11.Be2 O-O 12.O-O Rfe8 13.Kh1 a5 14.Qc1 e5 15.dxe5 Nxe5
16.Bf4 Nfd7 17.Nxe5 Nxe5 18.Nd5 Qd8 19.Nxb4 axb4 20.Qc5 Qe7 21.Qb6 c5 22.Bb5 Red8
23.Rad1 f6 24.Be3 Rxd1 25.Rxd1 Rc8 26.Rd5 Nxf3 27.Bxc5 Bxe4 28.Bc4 Bxd5 29.Bxe7 Bxc4
30.gxf3 Bd5 31.Bxb4 Bxf3+ 32.Kg1 Bc6 33.a5 h5 34.Kf2 h4 35.Bc3 h3 36.Qb3+ Kh8
37.Qe6 Re8 38.Qxh3+ Kg8 39.Qg3 Re6 40.b4 Kf7 41.Bd4 Re4 42.Qd6 Re6 43.Qc5 Be4
44.b5 Bd3 45.Qc7+ Re7 46.Qd6 Bc4 47.a6 bxa6 48.bxa6 Bd3 49.Qd5+ Kg6 50.a7 Re2+
51.Kf3 f5 52.a8=Q Re4 53.Qdc6+ Kg5 54.Bf6+ gxf6 55.h4+ Rxh4 56.Qg8+ Kh5 57.Qce8+  1-0

[Event "Caissa IM September"]
[Site "Kecskemet HUN"]
[Date "2005.09.21"]
[Round "6"]
[White "Kragelj,I"]
[Black "Domany,Z"]
[Result "1-0"]
[WhiteElo "2230"]
[BlackElo "2101"]

1.d4 d5 2.c4 c6 3.Nf3 Nf6 4.Nc3 dxc4 5.a4 Bf5 6.Ne5 c5 7.e4 Bxe4 8.Bxc4 Bg6
9.Qb3 e6 10.Qxb7 Nbd7 11.Nb5 Rc8 12.Nc6 Rxc6 13.Qxc6 Be4 14.Nd6+ Bxd6 15.Qxd6 Bxg2
16.Rg1 Qa5+ 17.Ke2 Ne4 18.Qf4 g5 19.Qe3 cxd4 20.Qxd4 e5 21.Qe3 Qc7 22.Bd3 Qc6
23.Rxg2 Nc3+ 24.Kf1  1-0

[Event "ProMoPro Open"]
[Site "Prague CZE"]
[Date "2005.09.22"]
[Round "8"]
[White "Stodolova,K"]
[Black "Masek,M"]
[Result "1-0"]
[WhiteElo "2025"]
[BlackElo "2220"]

1.d4 d5 2.c4 c6 3.Nf3 Nf6 4.Nc3 dxc4 5.a4 Bf5 6.e3 e6 7.Bxc4 Bb4 8.O-O Nbd7
9.Nh4 O-O 10.Nxf5 exf5 11.Qc2 g6 12.Bd2 a5 13.Rad1 Nb6 14.Bd3 Re8 15.Rfe1 Nbd5
16.Nxd5 Nxd5 17.Bxb4 Nxb4 18.Qb3 Qd6 19.Bc4 Re7 20.f3 Rd8 21.Re2 Kg7 22.e4 b5
23.axb5 cxb5 24.Bxb5 Qb6 25.Ba4 f6 26.Qe3 Nd5 27.Qd2 Nf4 28.Qxf4 Rxd4 29.Qe3  1-0

[Event "EYb16"]
[Site "Herceg Novi SCG"]
[Date "2005.09.23"]
[Round "9"]
[White "Schiendorfer,F"]
[Black "Vernay,C"]
[Result "1-0"]
[WhiteElo "2058"]
[BlackElo "2238"]

1.d4 d5 2.c4 c6 3.Nf3 Nf6 4.Nc3 dxc4 5.a4 Bf5 6.e3 e6 7.Bxc4 Bb4 8.O-O Nbd7
9.Qe2 Bg4 10.Rd1 Qa5 11.e4 O-O 12.h3 Bxf3 13.Qxf3 e5 14.d5 Bxc3 15.bxc3 cxd5
16.Bxd5 Nxd5 17.Rxd5 Qc7 18.Ba3 Rfe8 19.a5 Nf6 20.Rc5 Qd7 21.Rd1 Qa4 22.Bb4 Rac8
23.Rxc8 Rxc8 24.Rd6 Qc2 25.Rxf6  1-0

[Event "2nd Highlands Open A"]
[Site "Havlickuv Brod CZE"]
[Date "2005.09.25"]
[Round "2"]
[White "Haba,Z"]
[Black "Hejl,J"]
[Result "0-1"]
[WhiteElo "2277"]
[BlackElo "1987"]

1.d4 d5 2.c4 c6 3.Nf3 Nf6 4.Nc3 dxc4 5.a4 Bf5 6.e3 e6 7.Bxc4 Nbd7 8.O-O Bd6
9.Qe2 Ne4 10.Rd1 Ndf6 11.Ne5 Qc7 12.Nxe4 Bxe4 13.f4 h6 14.Bd2 g5 15.Rf1 Nd5
16.Bxd5 exd5 17.Qh5 Bxe5 18.fxe5 Bg6 19.Qe2 O-O-O 20.Bb4 h5 21.Bc5 Kb8 22.Bd6 Rxd6
23.exd6 Qxd6 24.Qd2 Re8 25.b4 Re4 26.b5 Rh4 27.g3 Rh3 28.bxc6 h4 29.c7+ Kxc7
30.Rac1+ Kb8 31.Qg2 g4 32.gxh4 Be4 33.Rc8+ Kxc8 34.Qxg4+ Qe6 35.Rc1+ Kd7
36.Qf4 Qg6+  0-1